Normal view
MARC view
Entry Personal Name
001 - CONTROL NUMBER
- control field: 169013
003 - CONTROL NUMBER IDENTIFIER
- control field: OSt
005 - DATE AND TIME OF LATEST TRANSACTION
- control field: 20220923230413.0
008 - FIXED-LENGTH DATA ELEMENTS
- fixed length control field: 220923|| aca||aabn | a|a d
040 ## - CATALOGING SOURCE
- Original cataloging agency: OSt
- Transcribing agency: OSt
100 ## - HEADING--PERSONAL NAME
- Personal name: मु0 ब0 शहा
670 ## - SOURCE DATA FOUND
- Source citation: Work cat.: (OSt)384628: मु0 ब0 शहा, भारतीय सामाजिक क्रान्ति के जनक महात्मा जातिबा फूले, 1992
